| 000 | 00551nam a2200181 a 4500 | ||
|---|---|---|---|
| 001 | 000042292 | ||
| 005 | 20201002040046.0 | ||
| 008 | 131122s2008 cu 000 0 spa d | ||
| 020 | _a9789591106087 | ||
| 040 |
_aDO-SdBNP _bspa _cBNPHU |
||
| 100 | 1 |
_aLópez Cerviño, Pedro. _969339 |
|
| 245 | 1 | 0 |
_aTrazados en el mapa / _cPedro López Cerviño. |
| 260 |
_aSantiago de Cuba : _bEditorial Oriente, _c2008. |
||
| 300 |
_a120 p. ; _c19 cm. |
||
| 490 | 1 |
_aHeredia _aPoesía |
|
| 586 | _aPremio Jóse Manuel Poveda 2007 | ||
| 830 | 0 |
_aHeredia _pPoesía _969340 |
|
| 999 |
_c41781 _d41781 |
||